00451nam a2200157 a 4500020001500000090001400015041000800029100003200037245007000069260006300139300001100202700003800213942001200251945001500263999001500278 a9583387592 aLBb05132 aspa aMorales Soto, León939355 aArboles ornamentales en el Valle de Aburrábelementos de manejo aMedellínbArea Metropolitana del Valle de Aburrác2006 a339 p. aVarón Palacio , Teresita939358 cIMPRESO d2007-11-21 c5941d5941